La muerte en Venecia

Saved in:
Bibliografiske detaljer
Hovedforfatter: Mann, Thomas (autor)
Format: Bog
Sprog:spansk
Udgivet: Barcelona Plaza and Janes 1992
Serier:Biblioteca de autor, 140
Fag:
Tags: Tilføj Tag
Ingen Tags, Vær først til at tagge denne postø!

MARC

LEADER 00000nam a2200000 a 4500
001 UCT8317
003 CL-VaPUC
008 970326e19920000SP |||||||||||||||||spa|d
082 0 4 |a 833  |b MAN  |2 21 
100 |a Mann, Thomas  |e autor  |9 338731 
245 1 3 |a La muerte en Venecia 
300 |a 188 p 
942 |c BK 
945 |d 19970326 00:00:00  |a nastorga 
260 |a Barcelona  |b Plaza and Janes  |c 1992 
650 0 |a Novelas alemanas   |9 265783 
583 |a last modification  |c 19970326 00:00:00  |k Rodrigo Vera 
490 0 |a Biblioteca de autor, 140 
999 |c 256827  |d 256825 
952 |0 0  |1 0  |4 0  |6 833_000000000000000_MAN_1992  |7 0  |8 R  |9 279820  |a BIBEDU  |b BIBEDU  |c MCIRC  |d 2019-11-19  |i 3293823  |l 6  |o 833 MAN 1992  |p 3293823  |r 2023-01-13  |s 2022-09-07  |w 2019-11-19  |y BK_R  |k LIT